| 000 | 00473aam a2200181 4500 | ||
|---|---|---|---|
| 005 | 20161117122659.0 | ||
| 008 | 150629b xxu||||| |||| 00| 0 spa d | ||
| 041 | _aEspañol | ||
| 082 | _a972.86 Q8l | ||
| 100 |
_aQuirós, Antonio _926783 |
||
| 245 | _aLuces históricas de la democracia | ||
| 260 |
_aCosta Rica _c2013 |
||
| 300 | _a131 páginas | ||
| 650 |
_aCOSTA RICA _932643 |
||
| 650 |
_aHISTORIA _943 |
||
| 650 |
_aPATRIMONIO ARQUITECTÓNICO _96791 |
||
| 942 | _cBK | ||
| 999 |
_c3150 _d3150 |
||